000
00336nam a2200145Ia 4500
100
_a
Middleton/ R.G.
650
_a
Electrical Engineering
942
_c
BK
654
_a
T.V.
245
_a
T.V. troubleshooting & repair
260
_b
D.B.Taraporevala & Sons
_a
Bombay
_c
1978
082
_a
621.388
300
_a
208
546
_a
ENGLISH
999
_c
34400
_d
34400